[Event "EU-Cup (Women) 13th"]
[Site "Kallithea"]
[Date "2008.10.23"]
[Round "7"]
[White "Khurtsidze, Nino"]
[Black "Demina, Julia"]
[Result "1-0"]
[WhiteElo "2417"]
[BlackElo "2357"]
[PlyCount "113"]
[EventDate "2008.10.17"]
[EventType "team-swiss"]
[EventRounds "7"]
[EventCountry "GRE"]
[SourceTitle "CBM 126 Extra"]
[Source "ChessBase"]
[SourceDate "2008.11.05"]
[SourceVersion "1"]
[SourceVersionDate "2008.11.05"]
[SourceQuality "1"]
[WhiteTeam "Yerevan Mika (W)"]
[BlackTeam "St Petersburg Finek (W)"]
[WhiteTeamCountry "ARM"]
[BlackTeamCountry "RUS"]

1. c4 e6 2. Nc3 d5 3. cxd5 exd5 4. d4 Be7 5. Nf3 Nf6 6. Bg5 c6 7. Qc2 g6 8. e3 Bf5 9. Bd3 Bxd3 10. Qxd3 0-0 11. Bxf6 Bxf6 12. b4 a6 13. 0-0 Nd7 14. a4 Re8 15. b5 a5 16. Rfc1 Bg7 17. Ra2 Re6 18. Rac2 h6 19. bxc6 bxc6 20. Ne2 Nb8 21. Qb3 Re7 22. Nf4 Kh7 23. h4 Qd7 24. Qb6 f6 25. Rc5 Qb7 26. Qb1 Qxb1 27. Rxb1 h5 28. Nxd5 Rf7 29. Nb6 Rb7 30. Rcc1 Ra6 31. Nc4 Rb4 32. Ne1 Nd7 33. Nd3 Rxb1 34. Rxb1 Ra7 35. Rb2 Bf8 36. g3 Kg8 37. Kf1 Kf7 38. Ke2 Be7 39. Kd1 Ke6 40. Nb6 Rb7 41. Nxd7 Rxb2 42. Nxb2 Kxd7 43. Nd3 g5 44. hxg5 fxg5 45. Ne5+ Kc7 46. Nc4 Bb4 47. Ke2 h4 48. gxh4 gxh4 49. f4 Kd7 50. f5 Ke7 51. Kf3 Kf6 52. e4 Kg5 53. Ne5 c5 54. d5 c4 55. Nxc4 h3 56. d6 h2 57. Kg2 1-0

[Event "EU-Cup (Women) 13th"]
[Site "Kallithea"]
[Date "2008.10.21"]
[Round "5"]
[White "Demina, Julia"]
[Black "Lian, Marina"]
[Result "1-0"]
[WhiteElo "2357"]
[BlackElo "1869"]
[PlyCount "93"]
[EventDate "2008.10.17"]
[EventType "team-swiss"]
[EventRounds "7"]
[EventCountry "GRE"]
[SourceTitle "CBM 126 Extra"]
[Source "ChessBase"]
[SourceDate "2008.11.05"]
[SourceVersion "1"]
[SourceVersionDate "2008.11.05"]
[SourceQuality "1"]
[WhiteTeam "St Petersburg Finek (W)"]
[BlackTeam "Herzliya (W)"]
[WhiteTeamCountry "RUS"]
[BlackTeamCountry "ISR"]

1. d4 Nf6 2. Nf3 e6 3. c4 b6 4. a3 Bb7 5. Nc3 Ne4 6. Qc2 f5 7. Nd2 Nxc3 8. bxc3 Qf6 9. Bb2 Qg6 10. f3 d6 11. 0-0-0 Nd7 12. e4 fxe4 13. Nxe4 Bxe4 14. fxe4 Be7 15. Kb1 0-0 16. Bd3 e5 17. Rhf1 Rxf1 18. Rxf1 Rf8 19. Rxf8+ Nxf8 20. g3 Ne6 21. Qa4 c5 22. Qxa7 Bf8 23. Qxb6 Qh5 24. Bc2 Qxh2 25. d5 Ng5 26. a4 Qe2 27. a5 Nxe4 28. Bxe4 Qxe4+ 29. Ka1 Qxc4 30. a6 Qa4+ 31. Kb1 Qe4+ 32. Ka2 Qa4+ 33. Ba3 Qc4+ 34. Kb2 Qxd5 35. a7 c4 36. Qb8 Qd2+ 37. Kb1 Qd3+ 38. Ka2 Qc2+ 39. Bb2 Qa4+ 40. Kb1 Qd1+ 41. Bc1 Qd3+ 42. Kb2 Qe2+ 43. Ka1 Qc2 44. a8Q Qxc1+ 45. Ka2 Qd2+ 46. Qb2 Qd3 47. Qag2 1-0

[Event "EU-Cup (Women) 13th"]
[Site "Kallithea"]
[Date "2008.10.17"]
[Round "1"]
[White "Vujic Katanic, Branka"]
[Black "Demina, Julia"]
[Result "1/2-1/2"]
[WhiteElo "2107"]
[BlackElo "2357"]
[PlyCount "87"]
[EventDate "2008.10.17"]
[EventType "team-swiss"]
[EventRounds "7"]
[EventCountry "GRE"]
[SourceTitle "CBM 126 Extra"]
[Source "ChessBase"]
[SourceDate "2008.11.05"]
[SourceVersion "1"]
[SourceVersionDate "2008.11.05"]
[SourceQuality "1"]
[WhiteTeam "Ugljevik Rudar (W)"]
[BlackTeam "St Petersburg Finek (W)"]
[WhiteTeamCountry "BIH"]
[BlackTeamCountry "RUS"]

1. Nf3 d5 2. d4 Nf6 3. c4 e6 4. g3 Bb4+ 5. Nbd2 0-0 6. Bg2 b6 7. 0-0 Bb7 8. Ne5 Be7 9. Qc2 c5 10. cxd5 exd5 11. Ndf3 Na6 12. Rd1 Rc8 13. Bf4 cxd4 14. Qa4 Nc5 15. Qxd4 Ne6 16. Qa4 Nxf4 17. gxf4 a6 18. Rac1 b5 19. Qd4 Ne4 20. Nd3 Rc4 21. Qa7 Qb8 22. Qxb8 Rxb8 23. Nfe5 Rxc1 24. Rxc1 Rc8 25. Rxc8+ Bxc8 26. Nc6 Bd6 27. Ndb4 Be6 28. Nxa6 Bxf4 29. Nab4 Bd6 30. Nd3 Kf8 31. Nd4 Bd7 32. f4 Ke7 33. e3 Kf6 34. Kf1 g5 35. fxg5+ Kxg5 36. a3 Nf6 37. Kg1 Ng4 38. Bxd5 Bxh2+ 39. Kh1 Nxe3 40. Bxf7 Bd6 41. Bg8 h5 42. Bh7 Nc4 43. Be4 Ne5 44. Nxe5 1/2-1/2

[Event "Chigorin Memorial 16th"]
[Site "St Petersburg"]
[Date "2008.10.10"]
[Round "8"]
[White "Demina, Julia"]
[Black "Balakirev, Ilya"]
[Result "1/2-1/2"]
[WhiteElo "2357"]
[BlackElo "2243"]
[PlyCount "88"]
[EventDate "2008.10.03"]
[EventType "swiss"]
[EventRounds "9"]
[EventCountry "RUS"]
[SourceTitle "CBM 126 Extra"]
[Source "ChessBase"]
[SourceDate "2008.11.05"]
[SourceVersion "1"]
[SourceVersionDate "2008.11.05"]
[SourceQuality "1"]

1. d4 d5 2. Nf3 c6 3. c4 e6 4. e3 Nf6 5. Nc3 Nbd7 6. Qc2 Bd6 7. Bd2 0-0 8. Bd3 dxc4 9. Bxc4 a6 10. 0-0 c5 11. dxc5 Nxc5 12. b4 Ncd7 13. b5 Qc7 14. Ne4 Nxe4 15. Qxe4 Nf6 16. Qh4 e5 17. Ng5 axb5 18. Bd3 h6 19. Ne4 Nxe4 20. Qxe4 g6 21. Bxb5 Bf5 22. Qh4 Kg7 23. Rfc1 Qb6 24. a4 Rac8 25. g4 g5 26. Qh3 Be4 27. f3 Bg6 28. Qf1 Bc5 29. Qe2 Rfd8 30. Re1 e4 31. Bc3+ Kh7 32. Kg2 exf3+ 33. Qxf3 Qe6 34. Kf2 Be4 35. Qf6 Rd2+ 36. Re2 Rxe2+ 37. Bxe2 Qxf6+ 38. Bxf6 Kg6 39. Bd4 Bd6 40. h3 f5 41. a5 Rc2 42. Kf1 f4 43. exf4 gxf4 44. a6 bxa6 1/2-1/2